000
00209 a2200097 4500
020
_a
8471767473
041
_a
spa
100
_a
Brightfield, Richard y Jones, Ron
245
_a
El Submarino Fantasma
942
_c
BK
999
_c
28537
_d
28537